| 000 | 00627cam a22002293a 4500 | ||
|---|---|---|---|
| 001 | 26971 | ||
| 003 | PGUSA | ||
| 005 | 20140828083600.0 | ||
| 008 | 081020s2008||||xxu|||||s|||||000 | eng d | ||
| 040 |
_aPGUSA _beng |
||
| 042 | _adc | ||
| 050 | 4 | _aHX | |
| 100 | 1 |
_aMore, Thomas, _cSaint, _d1478-1535 |
|
| 245 | 1 | 0 |
_aUtopia _h[electronic resource] / _cThomas, More |
| 260 |
_bProject Gutenberg, _c2008 |
||
| 506 | _aPublic domain in the USA. | ||
| 516 | _aElectronic text | ||
| 653 | _aUtopias -- Early works to 1800 | ||
| 830 | 0 |
_aProject Gutenberg _v26971 |
|
| 856 | 4 | 0 | _uhttp://www.gutenberg.org/ebooks/26971 |
| 942 | _cEB | ||
| 999 |
_c256226 _d256226 |
||